| 000 | 01188nac a22003617a 4500 | ||
|---|---|---|---|
| 001 | BR0803079 | ||
| 003 | BR-BrBNA | ||
| 005 | 20240105123536.0 | ||
| 008 | 230509b bl.|||m| |||| 00| 0 por d | ||
| 040 |
_aBR-BrBNA _bpor _cBiblioteca Nacional de Agricultura |
||
| 072 | _aP33 | ||
| 090 | _aP33 BR0803079 | ||
| 100 | 1 | _aMadari, B.E. | |
| 100 | 1 | _aReeves, J.B. | |
| 100 | 1 | _aCoelho, M.R. | |
| 100 | 1 | _aMachado, P.L.O. de A. | |
| 100 | 1 | _aDe-Polli, H. | |
| 100 | 1 | _aCoelho, R.M. | |
| 100 | 1 | _aBenites, V. de M. | |
| 100 | 1 | _aSouza, L.F. de | |
| 100 | 1 | _aMcCarty, G.W. | |
| 110 | 1 | _aEMBRAPA Arroz e Feijão, Santo Antônio de Goiás, GO (Brasil) | |
| 245 | 1 | _aEspectroscopia infravermelha para a determinação de cabono do solo: perspectiva de um método economicamente viável e ambientalmente seguro | |
| 260 | 3 |
_aSanto Antônio de Goiás, GO (Brasil): _c2006. |
|
| 300 | _a6 p. | ||
| 490 |
_aComunicado Técnico - EMBRAPA Arroz e Feijão (Brazil) _vno. 126 _xISSN 1678-961X |
||
| 500 | _a22 ref. | ||
| 650 | _aSOLO | ||
| 650 | _aPROPRIEDADE FÍSICO-QUÍMICA | ||
| 650 | _aCARBONO | ||
| 909 |
_a202312 _bLúcia Elande _c55 _dLúcia Elande |
||
| 942 |
_2AGRIS _n0 _cMS |
||
| 999 |
_c295927 _d295927 |
||